Top20.cz 2005/1

Bibliographic Details
Corporate Authors: Team (hudobná skupina) (Performer), Gladiator (hudobná skupina) (Performer), Horkýže Slíže (hudobná skupina) (Performer), Tři sestry (hudobná skupina) (Performer)
Other Authors: Langerová, Aneta, 1986- (Singer), Anna K., 1965- (Singer), Kolář, Petr, 1967- (Singer), Balogová, Martina, 1979- (Singer), Issa, Sámer, 1985- (Singer), Záhorovský, Julián, 1984- (Singer), Vaňková, Šárka, 1987- (Singer), Brzobohatá, Marta, 1982- (Singer)
Format: CD Audio
Language:Czech
English
Slovak
PhysicalDescription:1 zvuková platňa digital, stereo 12 cm
Published: [S.l.] Universal Music 2005
Subjects:

MARC

LEADER 00000njm a2200000 a 4500
001 vtls008701330
003 SK-MaSNL
005 20260301092217.0
007 sd fsngnnmmned
008 060517s2005 xr ppn g cze
015 |a SNBZSJ2006 
028 0 1 |a 987 298-9  |b Universal Music 
040 |a SNK  |b slo  |c SNK  |e AACR2 
041 0 |d cze  |d eng  |d slo 
044 |a xr  |c CZ 
072 7 |a 784  |x Vokálna hudba  |2 konspekt 
080 |a 784.4  |2 2001 
080 |a (086.76)  |2 2001 
245 0 0 |a Top20.cz 2005/1  |h zvukový záznam 
260 |a [S.l.]  |b Universal Music  |c 2005 
300 |a 1 zvuková platňa  |b digital, stereo  |c 12 cm 
500 |a Obsahuje 20 piesní 
511 0 |a Účinkujú: A. Langerová, Anna K., P. Kolář, M. Balogová, Sámer Issa, J. Záhorovský, Š. Vaňková, K. Brzobohatá; hudobné skupiny: Clou, Kryštof, 05&Radeček, Divikej Bill, Team, Mig 21, Gaia Mesiah, Gladiator, Victoria, UDG, Horkýže Slíže, Tři sestry 
650 0 7 |a populárne piesne  |2 SNKPH  |9 3446 
655 7 |a kompaktné platne  |2 SNKPH  |9 70690 
700 1 |a Langerová, Aneta,  |d 1986-  |4 sng 
700 1 |a Anna K.,  |d 1965-  |4 sng  |9 243607 
700 1 |a Kolář, Petr,  |d 1967-  |4 sng  |9 17340 
700 1 |a Balogová, Martina,  |d 1979-  |4 sng  |9 422713 
700 1 |a Issa, Sámer,  |d 1985-  |4 sng  |9 422714 
700 1 |a Záhorovský, Julián,  |d 1984-  |4 sng  |9 422715 
700 1 |a Vaňková, Šárka,  |d 1987-  |4 sng  |9 422716 
700 1 |a Brzobohatá, Marta,  |d 1982-  |4 sng  |9 422717 
710 2 |a Team (hudobná skupina)  |4 prf  |9 33072 
710 2 |a Gladiator (hudobná skupina)  |4 prf  |9 32178 
710 2 |a Horkýže Slíže (hudobná skupina)  |4 prf  |9 34977 
710 2 |a Tři sestry (hudobná skupina)  |4 prf  |9 35072 
999 |c 673255  |d 675185 
952 |a SNK  |b SNK  |y PREZ  |7 0  |p 17A0508607  |o snkSCD 1896/1  |i snk2006/9953  |8 3  |g 10.89  |0 0  |1 0  |4 0  |d 2006-05-17  |l 0  |r 2026-02-23 19:33:06  |w 2026-02-23